[Event "RUS-Cup1 Chigorin mem"]
[Site "St Petersburg"]
[Date "1996.??.??"]
[Round "9"]
[White "Klimenko, Sergey"]
[Black "Uchitel, Stanislav"]
[Result "0-1"]
[WhiteElo "2345"]
[BlackElo "2350"]

1.d4 Nf6 2.c4 g6 3.Nc3 Bg7 4.e4 d6 5.Be2 O-O 6.Nf3 e5 7.d5 a5 8.Bg5 Na6 9.Nd2 Qe8
10.O-O Bd7 11.Rb1 h6 12.Be3 Nh7 13.b3 f5 14.exf5 gxf5 15.f3 Qg6 16.Bd3 e4
17.Ncxe4 fxe4 18.Nxe4 Bf5 19.a3 Nf6 20.Nxf6+ Rxf6 21.Bxf5 Rxf5 22.Qd2 Re8
23.Rbe1 Rfe5 24.Bf2 Rxe1 25.Rxe1 b6 26.Rxe8+ Qxe8 27.Be3 Kh7 28.Kf2 Qf7 29.b4 axb4
30.axb4 Qf6 31.c5 Qb2 32.cxd6 Qxd2+ 33.Bxd2 Bd4+ 34.Ke2 cxd6 35.Kd3 Bf6 36.Kc4 Nc7
37.Bf4 b5+ 38.Kd3 Ne8 39.Bd2 Kg6 40.Ke4 Be5 41.f4 Nf6+ 42.Kf3 Bb2 43.g4 Nxd5
44.f5+ Kg7 45.h4 Bc3 46.Bxc3+ Nxc3 47.g5 h5 48.Ke3 Nd5+ 49.Kd4 Nxb4 50.Kc3 Nc6  0-1

[Event "RUS-Cup1 Chigorin mem"]
[Site "St Petersburg"]
[Date "1996.??.??"]
[Round "9"]
[White "Neverov, Valeriy"]
[Black "Odesskij, Ilia"]
[Result "1/2-1/2"]
[WhiteElo "2515"]
[BlackElo "2445"]

1.d4 d6 2.Nf3 Nf6 3.c4 g6 4.Nc3 Bg7 5.e4 O-O 6.Be2 e5 7.O-O exd4 8.Nxd4 Re8
9.f3 Nc6 10.Be3 Nh5 11.f4 Nf6 12.Bf3 Bg4 13.Nxc6 Bxf3 14.Qxf3 bxc6 15.Rae1 Qc8
16.h3 Qe6 17.e5 dxe5 18.f5 Qxc4 19.Kh1 e4 20.Qf2 Rad8 21.Bg5 Rd6 22.Qxa7 Nh5
23.Qf2 Rd3 24.Be3 Bxc3 25.bxc3 Ra8 26.Rb1 Rxc3 27.g4 Nf6 28.fxg6 hxg6 29.Rb3 Rxe3  1/2-1/2

[Event "Jacques Lemans op16"]
[Site "St Veit"]
[Date "1996.??.??"]
[Round "8"]
[White "Tratar, Marko"]
[Black "Wallner, Dieter"]
[Result "1-0"]
[WhiteElo "2420"]
[BlackElo "2050"]

1.Nf3 Nf6 2.c4 g6 3.Nc3 Bg7 4.d4 d6 5.e4 O-O 6.Be2 e5 7.O-O exd4 8.Nxd4 Re8
9.f3 Nh5 10.g4 Nf6 11.Kh1 Nc6 12.Be3 Bxg4 13.Nxc6 bxc6 14.fxg4 Nxe4 15.Nxe4 Rxe4
16.Bg1 Qh4 17.Bf3 Rxc4 18.b3 Rc3 19.Rc1 Re8 20.Rxc3 Bxc3 21.Bxc6 Re7 22.Qf3  1-0

[Event "Jacques Lemans op16"]
[Site "St Veit"]
[Date "1996.??.??"]
[Round "9"]
[White "Schneider Zinner, Harald"]
[Black "Herzog, Adolf"]
[Result "0-1"]
[WhiteElo "2165"]
[BlackElo "2405"]

1.d4 Nf6 2.Nf3 g6 3.c4 Bg7 4.Nc3 O-O 5.e4 d6 6.Be2 e5 7.d5 a5 8.Bg5 h6 9.Bh4 Na6
10.Nd2 Qe8 11.O-O Nc5 12.b3 h5 13.a3 Nh7 14.f3 Bh6 15.Rb1 Bd7 16.Bf2 f5 17.b4 axb4
18.axb4 Na4 19.Qc2 Qe7 20.c5 Nxc3 21.Qxc3 Ra2 22.Rb2 Rxb2 23.Qxb2 h4 24.Kh1 Bf4
25.Bd3 Kg7 26.cxd6 cxd6 27.Rc1 Qd8 28.b5 h3 29.g3 Bxd2 30.Qxd2 Ng5 31.exf5 Nxf3
32.Qe3 Bxf5 33.b6 Bxd3 34.Rc7+ Kg8 35.Qxd3 Qf6 36.Rxb7 e4 37.Qd1 Nd2 38.Bg1 Qf1
39.Qxf1 Rxf1 40.Rb8+ Kg7 41.b7 Nf3 42.Rg8+ Kh6  0-1

[Event "Star Dojran"]
[Site "Star Dojran"]
[Date "1996.??.??"]
[Round "3"]
[White "Jacimovic, Dragoljub"]
[Black "Dancevski, Orce"]
[Result "1-0"]
[WhiteElo "2435"]
[BlackElo "2345"]

1.d4 g6 2.c4 Bg7 3.Nf3 Nf6 4.Nc3 O-O 5.e4 d6 6.Be2 e5 7.d5 Na6 8.Nd2 Bh6
9.Nb3 Bxc1 10.Qxc1 Ne8 11.O-O g5 12.Nd1 Qe7 13.Ne3 Ng7 14.a3 h6 15.Qc3 f5
16.exf5 Nxf5 17.Nxf5 Bxf5 18.Qe3 b6 19.Nd4 exd4 20.Qxe7 Rae8 21.Qxf8+ Kxf8
22.Bh5 Re7 23.Rad1 d3 24.g4 Bh7 25.f4 gxf4 26.Rxf4+ Kg7 27.b4 Nb8 28.Rdf1 Bg8
29.R4f3 b5 30.Rxd3 bxc4 31.Rd4 Nd7 32.Rxc4 Nb6 33.Rcc1 Bxd5 34.Rce1 Be4 35.Rf4 d5
36.Ref1 Bg6 37.Rf6 Bxh5 38.gxh5 Nd7 39.Rg6+ Kh7 40.Ra6 d4 41.Rxa7 Ne5 42.Rc1 Rg7+
43.Kf1 Rf7+ 44.Ke2 d3+ 45.Ke3 Rf3+ 46.Ke4 d2 47.Raxc7+  1-0

[Event "Star Dojran"]
[Site "Star Dojran"]
[Date "1996.??.??"]
[Round "12"]
[White "Jacimovic, Dragoljub"]
[Black "Dimitrov, Vladimir"]
[Result "0-1"]
[WhiteElo "2435"]
[BlackElo "2495"]

1.d4 Nf6 2.c4 g6 3.Nc3 Bg7 4.e4 d6 5.Nf3 O-O 6.Be2 e5 7.d5 a5 8.h4 Na6 9.Nd2 Nc5
10.g4 a4 11.h5 c6 12.f3 Bd7 13.Nf1 cxd5 14.cxd5 Qa5 15.Bd2 Rfc8 16.Ne3 Qd8
17.Rb1 Ne8 18.b4 axb3 19.axb3 Bf6 20.Kf2 Bg5 21.Kg2 Bf4 22.Nc4 b5 23.Bxf4 exf4
24.hxg6 fxg6 25.Nxd6 Nxd6 26.Qd4 Nf7 27.e5 b4 28.Qxb4 Nxe5 29.Qxf4 Ned3 30.Bxd3 Nxd3
31.Qh6 Qe7 32.d6 Qg7 33.Nd5 Rc2+ 34.Kg3 Qe5+ 35.f4 Rg2+ 36.Kxg2 Qe2+  0-1

[Event "Stary Smokovec op"]
[Site "Stary Smokovec"]
[Date "1996.??.??"]
[Round "?"]
[White "Kostelny, Jozef"]
[Black "Karlik, Vladimir"]
[Result "0-1"]
[WhiteElo "2280"]
[BlackElo "2355"]

1.d4 g6 2.c4 Bg7 3.Nc3 d6 4.e4 Nf6 5.Nf3 O-O 6.Be2 e5 7.d5 Na6 8.O-O Nc5
9.Qc2 a5 10.Nd2 Bh6 11.Nb3 Bxc1 12.Qxc1 Nfxe4 13.Nxe4 Nxe4 14.Qe3 f5 15.Rad1 a4
16.Nc1 Nc5 17.f4 exf4 18.Qxf4 Bd7 19.b4 axb3 20.axb3 Qf6 21.Qd4 Qxd4+ 22.Rxd4 Rfe8
23.Bd1 Re4 24.Rd2 Re3 25.b4 Ne4 26.Rb2 Nc3 27.Bf3 f4 28.Nb3 Na4 29.Rbb1 Bf5  0-1

[Event "Rilton Cup 96/97"]
[Site "Stockholm"]
[Date "1996.??.??"]
[Round "5"]
[White "Gausel, Einar"]
[Black "Sanden, Stefan"]
[Result "1-0"]
[WhiteElo "2520"]
[BlackElo "2330"]

1.Nf3 Nf6 2.c4 g6 3.Nc3 Bg7 4.e4 d6 5.d4 O-O 6.Be2 e5 7.O-O Na6 8.Be3 Ng4
9.Bg5 f6 10.Bc1 Nh6 11.Rb1 exd4 12.Nxd4 Nc5 13.Be3 Re8 14.Nb3 Ne6 15.Qd2 Nf7
16.Rbd1 b6 17.f3 Bb7 18.Rfe1 Ne5 19.Nd5 Kh8 20.Nd4 Nxd4 21.Bxd4 c6 22.Nc3 Qe7
23.Bf2 Rad8 24.Qc2 Ba8 25.Qa4 Bh6 26.Bf1 Qf7 27.Bg3 f5 28.exf5 gxf5 29.c5 bxc5
30.Qh4 f4 31.Rxe5  1-0

[Event "Rilton Cup 96/97"]
[Site "Stockholm"]
[Date "1996.??.??"]
[Round "5"]
[White "Schandorff, Lars"]
[Black "Borbjerggaard, Lars"]
[Result "1-0"]
[WhiteElo "2495"]
[BlackElo "2220"]

1.d4 Nf6 2.Nf3 g6 3.c4 Bg7 4.Nc3 O-O 5.e4 d6 6.Be2 e5 7.O-O exd4 8.Nxd4 Re8
9.f3 Nc6 10.Be3 Nh5 11.Nxc6 bxc6 12.Qd2 f5 13.exf5 gxf5 14.Bg5 Bf6 15.f4 Ng7
16.Bf3 Bd7 17.Rfe1 Ne6 18.Bxf6 Qxf6 19.Rad1 Re7 20.Re2 Rae8 21.g3 a5 22.Bh5 Rb8
23.b3 Rg7 24.Rg2 Kh8 25.Ne2 c5 26.Qxa5 Bc6 27.Rf2 Qh4 28.Bf3 Bxf3 29.Rxf3 Qg4
30.Qc3 h5 31.Rdf1 Kh7 32.Qf6 Qg6 33.Qxg6+ Kxg6 34.Re3 Kf6 35.Nc3 c6 36.Rd1 Rd8
37.Kf2 h4 38.Rde1 hxg3+ 39.hxg3 Nc7 40.Rh1 Rdg8 41.Rh3 Ne6 42.Rd3 Rd8 43.Rd1 Nd4
44.Ne2 Ra8 45.Nxd4 cxd4 46.Rh6+ Ke7 47.Rxd4 Rxa2+ 48.Kf3 Rb2 49.Rd3 Rg8 50.Re3+ Kd7
51.Rh7+ Kd8 52.Ra7 Rg6 53.Rf7  1-0

[Event "Rilton Cup 96/97"]
[Site "Stockholm"]
[Date "1996.??.??"]
[Round "6"]
[White "Akesson, Ralf"]
[Black "Ehlvest, Jaan"]
[Result "1/2-1/2"]
[WhiteElo "2500"]
[BlackElo "2660"]

1.d4 Nf6 2.c4 g6 3.Nc3 Bg7 4.e4 d6 5.Nf3 O-O 6.Be2 Nbd7 7.O-O e5 8.Be3 Re8
9.d5 Ng4 10.Bg5 f6 11.Bd2 f5 12.exf5 gxf5 13.Ng5 Nf8 14.Bxg4 fxg4 15.f3 h6
16.Nge4 Qh4 17.Qe1 Qxe1 18.Raxe1 Nh7 19.fxg4 Bxg4 20.c5 dxc5 21.Nxc5 Rad8
22.Nxb7 Rb8 23.Nc5 Rxb2 24.N5e4 Rf8 25.Be3 a6 26.Bc5 Rxf1+ 27.Rxf1 Bh5 28.Ba3 Rc2
29.Rf2 Rxf2 30.Kxf2 Nf6 31.Nxf6+ Bxf6 32.Ne4 Bg7 33.d6  1/2-1/2

[Event "Rilton Cup 96/97"]
[Site "Stockholm"]
[Date "1996.??.??"]
[Round "7"]
[White "Johansen, Terje"]
[Black "Livner, Anders"]
[Result "1/2-1/2"]
[WhiteElo "2375"]
[BlackElo "2080"]

1.d4 Nf6 2.c4 g6 3.Nc3 Bg7 4.e4 d6 5.Nf3 O-O 6.Be2 e5 7.O-O Na6 8.Be3 Ng4
9.Bg5 Qe8 10.dxe5 dxe5 11.Nd2 Bf6 12.h4 h6 13.Bxg4 hxg5 14.h5 c6 15.g3 Be6
16.Kg2 Rd8 17.Bxe6 Qxe6 18.Qe2 g4 19.Rh1 Bg5 20.Nf1 f5 21.exf5 gxf5 22.Re1 e4
23.Nxe4 fxe4 24.Qxe4 Qf7 25.Re2 Qf3+ 26.Kg1 Nc5 27.Qg6+ Kh8 28.Qxg5 Qxe2
29.Qh6+  1/2-1/2

[Event "Rilton Cup 96/97"]
[Site "Stockholm"]
[Date "1996.??.??"]
[Round "7"]
[White "Hellsten, Johan"]
[Black "Sandstrom, Ludvig"]
[Result "1/2-1/2"]
[WhiteElo "2490"]
[BlackElo "2355"]

1.d4 Nf6 2.c4 g6 3.Nc3 Bg7 4.e4 d6 5.Nf3 O-O 6.Be2 e5 7.Be3 Ng4 8.Bg5 f6
9.Bh4 Nh6 10.dxe5 g5 11.exf6 Bxf6 12.Bg3 Nc6 13.Rc1 g4 14.Nd2 Bg5 15.Nd5 b6
16.h4 gxh3 17.gxh3 Bh4 18.Rc3 Kh8 19.Bxh4 Qxh4 20.Rg3 Ne5 21.Nxc7 Bg4 22.hxg4 Qxh1+
23.Nf1 Rac8 24.f3 Qh4  1/2-1/2

[Event "Rilton Cup 96/97"]
[Site "Stockholm"]
[Date "1996.??.??"]
[Round "8"]
[White "Hellsten, Johan"]
[Black "Carlson, Mats"]
[Result "1-0"]
[WhiteElo "2490"]
[BlackElo "2290"]

1.d4 Nf6 2.c4 g6 3.Nc3 Bg7 4.e4 d6 5.Nf3 O-O 6.Be2 e5 7.d5 Na6 8.Bg5 h6 9.Bh4 g5
10.Bg3 Nxe4 11.Nxe4 f5 12.Nfd2 fxe4 13.Nxe4 Bf5 14.Bd3 Bxe4 15.Bxe4 Nc5 16.Qc2 Nxe4
17.Qxe4 h5 18.h3 Qf6 19.O-O Bh6 20.f3 Qf5 21.Rae1 Kg7 22.Qxf5 Rxf5 23.Re4 b6
24.Kf2 Rc8 25.Ke2 Kh7 26.Rh1 Rf7 27.Kd3 c6 28.dxc6 Rfc7 29.Be1 Rxc6 30.Bc3 R8c7
31.a4 Rf7 32.a5 Bf8 33.axb6 axb6 34.Ra1 Be7 35.Ra7 Kg6 36.Re1 Rc8 37.Bd2 Bd8
38.Rea1 Rfc7 39.Rxc7 Rxc7 40.Ra8 Bf6 41.Rb8 g4 42.hxg4 hxg4 43.Rxb6 gxf3
44.gxf3 Be7 45.Bb4  1-0

[Event "SUI-chT"]
[Site "SUI"]
[Date "1996.??.??"]
[Round "5"]
[White "Moor, Olivier"]
[Black "Terraz, Christian"]
[Result "1/2-1/2"]
[WhiteElo "2145"]
[BlackElo "2110"]

1.d4 Nf6 2.c4 g6 3.Nc3 Bg7 4.e4 d6 5.Be2 O-O 6.Nf3 e5 7.dxe5 dxe5 8.Qxd8 Rxd8
9.Bg5 Re8 10.O-O-O Bg4 11.Nd5 Nxd5 12.cxd5 c6 13.Ng1 Bd7 14.Bc4 b5 15.dxc6 Bxc6
16.Bd5 Na6 17.Bxc6 Rac8 18.Ne2 Rxc6+ 19.Kb1 Nc5 20.Rc1 Rec8 21.f3 Kf8 22.Be3 a6
23.Bxc5+ Rxc5 24.Rxc5 Rxc5 25.Rd1 Ke7 26.Nc3 Bh6 27.g4 f6 28.a4 bxa4 29.Nxa4 Rc6
30.Nc3 Bf4 31.h3 Bg3 32.Nd5+ Ke6 33.Rc1 Rxc1+ 34.Kxc1 a5 35.Kc2 f5 36.Kd3 fxg4
37.fxg4 h5 38.gxh5 gxh5 39.Kc4 Kf7 40.Ne3 Kg6 41.Ng2 Bf4 42.Kd5 a4 43.Ne1 Bc1
44.Kxe5 Bxb2+ 45.Kf4 a3 46.Nc2 a2 47.e5 Bc1+ 48.Ke4 Kg5 49.e6 Ba3 50.Kd3 Kh4
51.Kc3 Kxh3 52.Kb3 a1=Q 53.Nxa1 Be7 54.Nc2 Kg3 55.Ne3 Kf4 56.Nd5+ Kf5 57.Nxe7+ Kxe6
58.Ng6 Kf6 59.Nh4 Kg5 60.Ng2 Kg4 61.Kc2 Kg3 62.Ne3  1/2-1/2

[Event "SUI-chT"]
[Site "SUI"]
[Date "1996.??.??"]
[Round "8"]
[White "Huss, Andreas"]
[Black "Weindl, Alfred"]
[Result "1-0"]
[WhiteElo "2365"]
[BlackElo "2345"]

1.d4 Nf6 2.Nf3 g6 3.c4 Bg7 4.Nc3 O-O 5.e4 d6 6.Be2 e5 7.d5 a5 8.Be3 Ng4 9.Bg5 f6
10.Bh4 Nh6 11.Nd2 Na6 12.a3 Bd7 13.f3 Nf7 14.Rb1 Bh6 15.Bf2 f5 16.b4 axb4
17.axb4 Qg5 18.g3 c5 19.dxc6 bxc6 20.h4 Qe7 21.Kf1 Nc7 22.b5 Ne6 23.Kg2 Nd4
24.Nb3 fxe4 25.fxe4 Nd8 26.Bd3 Qf6 27.Rf1 Qe7 28.Rh1 Ra3 29.b6 Nxb3 30.Rxb3 Rxb3
31.Qxb3 Qf7 32.Nd1 Bg4 33.Rf1 Nb7 34.Qc2 Qd7 35.Kh2 Bh3 36.Re1 Be6 37.Be2 Qf7
38.Bf1 Qf3 39.Bg2 Qg4 40.Ne3 Qh5 41.Kg1 g5 42.Nf5 gxh4 43.g4  1-0

[Event "SVK-chT9596"]
[Site "?"]
[Date "1996.??.??"]
[Round "3"]
[White "Frindt, Kornel"]
[Black "Hagarova, Zuzana"]
[Result "1-0"]
[WhiteElo "2145"]
[BlackElo "2260"]

1.d4 Nf6 2.c4 g6 3.Nc3 Bg7 4.e4 d6 5.Be2 O-O 6.Nf3 e5 7.dxe5 dxe5 8.Qxd8 Rxd8
9.Bg5 Nbd7 10.O-O-O Rf8 11.Nd5 Nxd5 12.cxd5 Nc5 13.Nd2 Re8 14.Kb1 f5 15.f3 fxe4
16.fxe4 c6 17.Rc1 Nxe4 18.Nxe4 Bf5 19.Bd3 cxd5 20.Nc5 b6 21.Bxf5 gxf5 22.Na6 h6
23.Bh4 d4 24.Nc7 e4 25.Nxa8 Rxa8 26.Rc7 d3 27.Rd7 Re8 28.Bg3 Be5 29.Bxe5 Rxe5
30.g3 Kf8 31.Rc1 Re8 32.Rd5 Kg7 33.Rf1 Kg6 34.Kc1 Rc8+ 35.Kd2 Rc2+ 36.Ke3 Re2+
37.Kf4 Rxb2 38.Rd6+ Kg7 39.h4 Rb5 40.g4 fxg4 41.Kxe4 Rb2 42.Rxd3 Rxa2 43.Kf5 h5
44.Rd7+ Kh6 45.Rf7 Re2 46.Rxa7 g3 47.Kf4  1-0

[Event "SVK-chT9596"]
[Site "?"]
[Date "1996.??.??"]
[Round "6"]
[White "Polak, Tomas"]
[Black "Balogh, Peter"]
[Result "1-0"]
[WhiteElo "2440"]
[BlackElo "2245"]

1.d4 Nf6 2.c4 g6 3.Nc3 Bg7 4.e4 d6 5.Be2 O-O 6.Nf3 e5 7.d5 a5 8.Bg5 h6 9.Bh4 Na6
10.Nd2 Bd7 11.O-O Qe8 12.Kh1 Nh7 13.a3 f5 14.exf5 Bxf5 15.g4 Bd7 16.Nde4 Nf6
17.f3 Nxe4 18.Nxe4 Nc5 19.Nxc5 dxc5 20.Qc2 Bf6 21.Bf2 b6 22.Bd3 Kg7 23.Rae1 Qf7
24.Bg3 Rae8 25.h4 Re7 26.Qh2 c6 27.Be4 cxd5 28.cxd5 Bb5 29.Rg1 Rh8 30.Rd1 Rd7
31.Qc2 Qe7 32.Qb3 Ba6 33.Qxb6 Bb7 34.d6 Qe6 35.Bxb7 Rb8 36.Bd5 Qxd5 37.Qxb8 Qxf3+
38.Kh2 Qxg4 39.Rdf1  1-0

[Event "SVK-chT9596"]
[Site "?"]
[Date "1996.??.??"]
[Round "8"]
[White "Pal, Peter"]
[Black "Manik, Mikulas"]
[Result "0-1"]
[WhiteElo "2285"]
[BlackElo "2345"]

1.d4 Nf6 2.c4 g6 3.Nc3 Bg7 4.e4 d6 5.Be2 O-O 6.Nf3 e5 7.O-O exd4 8.Nxd4 Re8
9.f3 Nc6 10.Be3 Nh5 11.Nd5 Nxd4 12.Bxd4 c6 13.g4 cxd5 14.gxh5 Bh3 15.Rf2 dxe4
16.Bxg7 e3 17.Rg2 Bxg2 18.Qd4 Bh3 19.Bf6 Qd7 20.Rd1 Qf5 21.Qxd6 Qxh5 22.c5 Rac8
23.Rd5 Qh6 24.Rd4 Rc6 25.Qe5 Qf8 26.Qg5 Rxc5  0-1

[Event "SVK-chT9596"]
[Site "?"]
[Date "1996.??.??"]
[Round "9"]
[White "Pribyl, Martin"]
[Black "Oral, Tomas"]
[Result "1-0"]
[WhiteElo "2325"]
[BlackElo "2460"]

1.d4 Nf6 2.c4 g6 3.Nc3 Bg7 4.e4 d6 5.Nf3 O-O 6.Be2 e5 7.O-O exd4 8.Nxd4 Re8
9.f3 c6 10.Kh1 Nh5 11.g4 Nf6 12.Be3 h5 13.g5 Nh7 14.Qd2 Qe7 15.f4 f5 16.Bf3 b5
17.cxb5 c5 18.Nxf5 gxf5 19.Qd5+ Be6 20.Qxa8 Na6 21.Nd5 Qd7 22.Qc6 Qxc6 23.bxc6 Bxd5
24.exd5 Rxe3 25.Rae1 Rxe1 26.Rxe1 Kf8 27.Bxh5 Nc7 28.Bg6  1-0

[Event "SVK-chT9596"]
[Site "?"]
[Date "1996.??.??"]
[Round "10"]
[White "Ftacnik, Lubomir"]
[Black "Mrva, Martin"]
[Result "1-0"]
[WhiteElo "2585"]
[BlackElo "2385"]

1.d4 Nf6 2.Nf3 g6 3.c4 Bg7 4.Nc3 O-O 5.e4 d6 6.Be2 e5 7.O-O Qe8 8.dxe5 dxe5
9.Be3 Na6 10.Nd2 Qe7 11.Qa4 c6 12.c5 Ng4 13.Bxg4 Bxg4 14.Nc4 Be6 15.Nd6 Rfb8
16.Rad1 Bf6 17.b4 Bg5 18.Rfe1 Nc7 19.b5 Bxe3 20.Rxe3 cxb5 21.Ncxb5 Bd7 22.Qc4 Bxb5
23.Nxb5 Nxb5 24.Qxb5 Rc8 25.Rd5 Rc7 26.g3 Rac8 27.Rc3 Rc6 28.Qd3 Rxc5 29.Rcxc5 Rxc5
30.Rd7 Rc1+ 31.Kg2 Qe6 32.Rxb7 Qxa2 33.Rb8+ Kg7 34.Qd6 Qa1 35.Kh3 Rc4 36.Qf8+ Kf6
37.Qh8+ Ke6 38.Re8+ Kd6 39.Rd8+ Ke6 40.Qe8+ Kf6 41.Qh8+ Ke6 42.Re8+ Kd7 43.Rxe5 Qf1+
44.Kh4 Qxf2 45.Rd5+ Kc7 46.Qd8+ Kb7 47.Rb5+  1-0

[Event "SWE-chT 9596"]
[Site "?"]
[Date "1996.??.??"]
[Round "?"]
[White "Hellborg, Teodor"]
[Black "Jonsson, Hans"]
[Result "1/2-1/2"]
[WhiteElo "2200"]
[BlackElo "2395"]

1.d4 Nf6 2.c4 g6 3.Nc3 Bg7 4.e4 d6 5.Be2 O-O 6.Nf3 e5 7.O-O Na6 8.Be3 Ng4
9.Bg5 Qe8 10.dxe5 dxe5 11.h3 h6 12.Bd2 Nf6 13.Be3 c6 14.Qd6 Nh5 15.c5 Nf4
16.Bxa6 bxa6 17.Bxf4 exf4 18.Qxf4 Qe7 19.Qd6 Qb7 20.e5 Qxb2 21.Ne4 Bf5 22.Nf6+ Bxf6
23.Qxf6 Be4 24.Rfe1 Rae8 25.Rad1 Re6 26.Qf4 Bxf3 27.gxf3 Rfe8 28.Rd7 R8e7
29.Rxe7 Rxe7 30.Qe4 Qxa2 31.Qxc6 Rxe5 32.Rxe5  1/2-1/2

[Event "SWE-chT 9596"]
[Site "?"]
[Date "1996.??.??"]
[Round "?"]
[White "Akesson, Ralf"]
[Black "Cramling, Pia"]
[Result "1/2-1/2"]
[WhiteElo "2505"]
[BlackElo "2525"]

1.Nf3 Nf6 2.c4 g6 3.Nc3 Bg7 4.e4 d6 5.d4 O-O 6.Be2 e5 7.O-O Na6 8.Re1 c6
9.Bf1 Bg4 10.Be3 Bxf3 11.Qxf3 Ng4 12.Qxg4 exd4 13.Bg5 f6 14.Bd2 dxc3 15.Bxc3 f5
16.Qg3 f4 17.Qf3 Be5 18.Rad1 Qe7 19.Rd2 Rad8 20.Red1 Nc5 21.Bxe5 dxe5 22.Qa3 b6
23.Be2 Rxd2 24.Rxd2 Rd8 25.Rxd8+ Qxd8 26.Qxa7 Nxe4 27.Bg4 Nc5 28.b4 h5 29.Be2 Ne4
30.h4 Qd4 31.Qb8+ Kh7 32.Qc7+ Kh6 33.Qe7 Qxf2+ 34.Kh2 Qg3+ 35.Kg1 Qe1+ 36.Kh2 Qg3+
37.Kg1 Qe3+ 38.Kh2 Qg3+  1/2-1/2

[Event "SWE-chT 9596"]
[Site "?"]
[Date "1996.??.??"]
[Round "?"]
[White "Hultin, Johan"]
[Black "Jonsson, Hans"]
[Result "1/2-1/2"]
[WhiteElo "2300"]
[BlackElo "2395"]

1.d4 Nf6 2.Nf3 g6 3.c4 Bg7 4.Nc3 O-O 5.e4 d6 6.Be2 e5 7.d5 a5 8.h3 Na6 9.Bg5 h6
10.Be3 Nh5 11.Nd2 Nf4 12.Bf1 f5 13.Nb3 a4 14.Nxa4 fxe4 15.a3 Bf5 16.Nc3 g5
17.Nd2 c6 18.Ndxe4 cxd5 19.cxd5 Qa5 20.Nxd6 e4 21.Nxf5 Rxf5 22.d6 Kh8 23.d7 Rd5
24.Qb3 Rxd7 25.Bxf4 gxf4 26.Bb5 Nc5 27.Qc2 Nd3+ 28.Kf1 Rdd8 29.a4 Rac8 30.Rd1 Nxb2
31.Rxd8+ Qxd8 32.Qxb2 Rxc3 33.Kg1 Qg5 34.h4 Qe5 35.Qb1 e3 36.f3 Qe7 37.Be2 Rc5
38.h5 Rg5 39.Qc2 Rc5 40.Qb1 Qd8 41.Kh2 Rxh5+ 42.Kg1 Rxh1+ 43.Kxh1 Qe7 44.Kg1 Qh4
45.Qb5 Qf2+ 46.Kh2 Qg3+  1/2-1/2

[Event "SWE-chT 9596"]
[Site "?"]
[Date "1996.??.??"]
[Round "?"]
[White "Holst, Conny"]
[Black "Larsson, Per"]
[Result "1/2-1/2"]
[WhiteElo "2205"]
[BlackElo "2350"]

1.d4 Nf6 2.c4 g6 3.Nc3 Bg7 4.e4 d6 5.Nf3 O-O 6.Be2 Na6 7.O-O e5 8.Be3 Ng4
9.Bg5 Qe8 10.d5 f6 11.Bh4 f5 12.Ne1 Nf6 13.f3 Nh5 14.Nd3 Nf4 15.Bf2 g5 16.Kh1 Rf6
17.Bg1 Nxe2 18.Qxe2 f4 19.c5 dxc5 20.Nxc5 Nxc5 21.Bxc5 Bd7 22.Rac1 b6 23.Bg1 Bf8
24.Rc2 Bd6 25.Rfc1 Rg6 26.Nb1 g4 27.Nd2 gxf3 28.Nxf3 Bg4 29.Rc6 Rg7 30.a3 Qh5
31.Qf2 Kh8 32.Nh4 Rag8 33.b4 Bd7 34.R6c3 Rg4  1/2-1/2

[Event "SWE-chT 9596"]
[Site "?"]
[Date "1996.??.??"]
[Round "?"]
[White "Bergstrom, Christer"]
[Black "Jonsson, Hans"]
[Result "0-1"]
[WhiteElo "2420"]
[BlackElo "2395"]

1.Nf3 Nf6 2.c4 g6 3.Nc3 Bg7 4.e4 d6 5.d4 O-O 6.Be2 e5 7.O-O Na6 8.Re1 c6
9.Bf1 Bg4 10.Be3 Nd7 11.Be2 Qe7 12.h3 Bxf3 13.Bxf3 Nb4 14.Rc1 exd4 15.Bxd4 Ne5
16.Be2 Ned3 17.Bxg7 Nxc1 18.Bxf8 Nxe2+ 19.Rxe2 Rxf8 20.Rd2 Rd8 21.c5 d5 22.a3 Na6
23.exd5 Nxc5 24.b4 Na6 25.Re2 Qh4 26.Qe1 cxd5 27.Re8+ Rxe8 28.Qxe8+ Kg7 29.Nxd5 Qd4
30.Ne7 Qa1+ 31.Kh2 Qe5+ 32.g3 Nc7 33.Qg8+ Kf6 34.Nc8 Qe8 35.Qxe8 Nxe8 36.Nxa7 Ke5
37.Kg2 Nd6 38.Kf3 Kd4 39.Kf4 f6 40.g4 g5+ 41.Kf3 Kd3 42.a4 Kc4 43.Ke3 Kxb4
44.Kd4 Kxa4 45.Kd5 Nb5 46.Nc8 Nc3+ 47.Ke6 Ne4 48.f3 Nd2 49.Kxf6 Nxf3 50.Nd6 b5
51.Ne4 b4 52.Kg7 b3 53.Kxh7 b2 54.Nc3+ Kb3 55.Nb1 Kc2 56.Na3+ Kc1 57.Kg6 b1=Q+
58.Nxb1 Kxb1 59.Kf5 Kc2 60.h4 gxh4 61.Kf4 Ng5  0-1

[Event "Tampere We Taraus op"]
[Site "Tampere"]
[Date "1996.??.??"]
[Round "3"]
[White "Paldanius, Pekka"]
[Black "Seeman, Tarvo"]
[Result "1-0"]
[WhiteElo "2260"]
[BlackElo "2320"]

1.d4 Nf6 2.Nf3 g6 3.c4 Bg7 4.Nc3 O-O 5.e4 d6 6.Be2 e5 7.Be3 Ng4 8.Bg5 f6
9.Bc1 Nc6 10.O-O exd4 11.Nxd4 Nxd4 12.Qxd4 Be6 13.Qd1 f5 14.exf5 gxf5 15.Nd5 Be5
16.h3 Bh2+ 17.Kh1 c6 18.Nf4 Bxf4 19.Bxf4 Ne5 20.c5 Bd5 21.f3 Rf7 22.Re1 Ng6
23.Bxd6 Qg5 24.Qc2 Nh4 25.Rg1 f4 26.Bd3 Re8 27.Rae1 Rxe1 28.Rxe1 Qg3 29.Re8+ Kg7
30.Bf1 Ng6 31.Bc4 Qg5 32.Qb3 Nh4 33.Re2 Nf5 34.Re5 Qg6 35.Qc3 Kh6 36.Bxd5 cxd5
37.Qe1 Ne3 38.Qh4+ Kg7 39.Rg5  1-0

[Event "EU-ch U20 Girls"]
[Site "Tapolca"]
[Date "1996.??.??"]
[Round "6"]
[White "Lomineishvili, Maia"]
[Black "Hagarova, Zuzana"]
[Result "1-0"]
[WhiteElo "2320"]
[BlackElo "2295"]

1.d4 Nf6 2.c4 g6 3.Nc3 Bg7 4.e4 d6 5.Nf3 O-O 6.Be2 e5 7.Be3 Ng4 8.Bg5 f6
9.Bh4 Qe8 10.h3 Nh6 11.Nd5 Na6 12.dxe5 dxe5 13.O-O Qf7 14.Qc1 g5 15.Nxg5 fxg5
16.Bxg5 Qe6 17.c5 Nf7 18.Bc4 Kh8 19.Nxc7 Qg6 20.Bxf7 Qxf7 21.Nxa8 Bd7 22.Qe3 Rxa8
23.Rfd1 Nc7 24.Qb3 Be6 25.Qxb7 Rg8 26.Bh4 h5 27.Rd3 Bc8 28.Qxa7 Bf8 29.Bd8 Ba6
30.Bxc7  1-0

[Event "GEO-ch"]
[Site "Tbilisi"]
[Date "1996.??.??"]
[Round "?"]
[White "Janjgava, Lasha"]
[Black "Sichinava, Roman"]
[Result "1-0"]
[WhiteElo "2495"]
[BlackElo "2445"]

1.d4 d6 2.Nf3 g6 3.c4 Bg7 4.Nc3 Nd7 5.e4 e5 6.Be2 Ngf6 7.O-O O-O 8.Be3 c6
9.d5 c5 10.Ne1 Ne8 11.g4 a6 12.Kh1 Rb8 13.Rg1 Nc7 14.a4 a5 15.Qd2 b6 16.Rg3 Kh8
17.Ng2 Bf6 18.g5 Bg7 19.h4 f5 20.exf5 gxf5 21.f4 exf4 22.Bxf4 Ne5 23.h5 Ng4
24.Bxg4 fxg4 25.Re1 Bf5 26.Rge3 Rf7 27.Ne4 Bxe4 28.Rxe4 Bd4 29.Kh2 h6 30.R1e2 hxg5
31.Bxg5 Qg8 32.Nh4 Qh7 33.Re7 Rg8 34.Kg3 Be5+ 35.R2xe5 dxe5 36.Rxe5 Re8 37.Bf4 Qg7
38.Qe3 Rg8 39.Ng6+ Kh7 40.Qe4 Qf6 41.Ne7+ Kg7 42.Nxg8 Kxg8 43.d6  1-0

[Event "Tel Aviv Cup rapid"]
[Site "Tel Aviv"]
[Date "1996.??.??"]
[Round "2"]
[White "Karpman, Vadim"]
[Black "Rechlis, Gad"]
[Result "1-0"]
[WhiteElo "2380"]
[BlackElo "2510"]

1.d4 Nf6 2.c4 g6 3.Nc3 Bg7 4.e4 d6 5.Nf3 O-O 6.Be2 e5 7.O-O Nbd7 8.Qc2 c6
9.Rd1 Qe7 10.Rb1 exd4 11.Nxd4 Nc5 12.f3 a5 13.b3 Nh5 14.a3 f5 15.b4 axb4
16.axb4 Qh4 17.Bf1 fxe4 18.bxc5 dxc5 19.Nxe4 Be5 20.g3 Qe7 21.Bg5 Qg7 22.Ne2 h6
23.Be3 Rxf3 24.Bxc5 Bg4 25.Bg2 Rf7 26.Rf1 Bf5 27.Rbd1 Re8 28.Qb3 Bg4 29.Rxf7 Qxf7
30.Rf1 Qe6 31.Nd4  1-0

[Event "Tel Aviv Cup rapid"]
[Site "Tel Aviv"]
[Date "1996.??.??"]
[Round "4"]
[White "Greenfeld, Alon"]
[Black "Rechlis, Gad"]
[Result "0-1"]
[WhiteElo "2560"]
[BlackElo "2510"]

1.d4 Nf6 2.Nf3 g6 3.c4 Bg7 4.Nc3 O-O 5.e4 d6 6.Be2 e5 7.Be3 Ng4 8.Bg5 f6
9.Bc1 Nh6 10.O-O Nf7 11.Be3 c6 12.dxe5 dxe5 13.Qxd8 Rxd8 14.c5 Be6 15.Rfd1 Nd7
16.Nd2 f5 17.f3 f4 18.Bf2 Bf8 19.Na4 b5 20.cxb6 axb6 21.Nxb6 Nxb6 22.Bxb6 Rdb8
23.Bf2 Rxb2 24.a4 Ba2 25.a5 Bb4 26.Bc4 Rxa5  0-1

[Event "Terrassa op"]
[Site "Terrassa"]
[Date "1996.??.??"]
[Round "7"]
[White "Garcia Ilundain, David"]
[Black "Dvorietzky, Mark I"]
[Result "1/2-1/2"]
[WhiteElo "2520"]
[BlackElo "2475"]

1.d4 Nf6 2.Nf3 g6 3.c4 Bg7 4.Nc3 O-O 5.e4 d6 6.Be2 e5 7.O-O exd4 8.Nxd4 Re8
9.f3 Nc6 10.Be3 Nh5 11.Qd2 Nf4 12.Nxc6 Nxe2+ 13.Nxe2 bxc6 14.Bd4 c5 15.Bxg7 Kxg7  1/2-1/2

[Event "Terrassa op"]
[Site "Terrassa"]
[Date "1996.??.??"]
[Round "8"]
[White "Ubilava, Elizbar"]
[Black "Ubach, Marcelo"]
[Result "1-0"]
[WhiteElo "2540"]
[BlackElo "2300"]

1.c4 Nf6 2.Nc3 g6 3.e4 d6 4.d4 Bg7 5.Nf3 O-O 6.Be2 e5 7.Be3 exd4 8.Nxd4 Re8
9.f3 Nc6 10.O-O Nh5 11.Qd2 Nf4 12.Nxc6 Nxe2+ 13.Nxe2 bxc6 14.Bd4 c5 15.Bxg7 Kxg7
16.Nc3 Bb7 17.Rfe1 Bc6 18.Rad1 Rb8 19.b3 Qf6 20.Ne2 Re7 21.Qa5 Rbe8 22.Ng3 h5
23.Nf1 Qe6 24.Ne3 Kh7 25.b4 cxb4 26.Qxb4 Qc8 27.c5 dxc5 28.Qxc5 Qa6 29.Qc4 Qb6
30.Rd2 Re5 31.Qc3 R8e6 32.Rd8 Re8 33.Rd4 Bb7  1-0